[Event "Poti op 14th"]
[Site "Poti"]
[Date "2019.07.15"]
[Round "3"]
[White "Kukhilava, Gubaz"]
[Black "Liponava, Zurab"]
[Result "1-0"]
[WhiteElo "1558"]
[BlackElo "1793"]
[PlyCount "82"]
[EventDate "2019.07.13"]
[EventType "swiss"]
[EventRounds "9"]
[EventCountry "GEO"]
[SourceTitle "EXT 2020"]
[Source "ChessBase"]
[SourceDate "2019.10.17"]
[SourceVersion "1"]
[SourceVersionDate "2019.10.17"]
[SourceQuality "1"]

1. e4 c5 2. Nf3 e6 3. c4 Nc6 4. Nc3 d6 5. d4 cxd4 6. Nxd4 Nf6 7. Be2 Be7 8. 0-0 0-0 9. Be3 d5 10. cxd5 exd5 11. exd5 Nb4 12. Ndb5 Nfxd5 13. Nxd5 Nxd5 14. Bxa7 Nf4 15. Bc4 Bd7 16. Be3 Ng6 17. Nc3 Ne5 18. Bb3 Ra6 19. Qe2 Bd6 20. Rfd1 Qh4 21. g3 Qh3 22. f3 Bb8 23. Ne4 Qh5 24. Kg2 Bh3+ 25. Kf2 Bf5 26. Rh1 Bxe4 27. fxe4 Rf6+ 28. Bf4 Ng4+ 29. Kg2 Bxf4 30. gxf4 Rxf4 31. Raf1 Ne3+ 32. Qxe3 Qg5+ 33. Qg3 Rg4 34. Rf5 Rxg3+ 35. hxg3 Qd2+ 36. Rf2 Qd7 37. Rhf1 Qe7 38. Bd5 b5 39. Rxf7 Rxf7 40. Rxf7 Qb4 41. a3 Kh8 1-0